| 000 | 00790cam a2200265 a 4500 | ||
|---|---|---|---|
| 999 |
_c9402 _d9402 |
||
| 001 | 1442682 | ||
| 003 | OSt | ||
| 005 | 20210113155518.0 | ||
| 008 | 850716s1985 txu 000 0 eng | ||
| 010 | _a 85016934 | ||
| 020 |
_a0849905087 : _c$9.95 |
||
| 020 |
_a0849930340 (pbk.) : _c$7.95 |
||
| 040 |
_aDLC _cDLC _dDLC |
||
| 050 | 0 | 0 |
_aBT382 _b.G7 1985 |
| 082 | 0 | 0 |
_a226/.9306 _219 |
| 100 | 1 |
_aGraham, Billy, _d1918-2018. |
|
| 245 | 1 | 4 |
_aThe secret of happiness / _cBilly Graham. |
| 250 | _aRev. and expanded. | ||
| 260 |
_aWaco, Tex. : _bWord Books, _cc1985. |
||
| 300 |
_a200 p. ; _c23 cm. |
||
| 630 | 0 | 0 |
_aBeatitudes _xCriticism, interpretation, etc. |
| 650 | 0 |
_aHappiness _xReligious aspects _xChristianity. |
|
| 906 |
_a7 _bcbc _corignew _d1 _eocip _f19 _gy-gencatlg |
||
| 942 |
_2ddc _cBK |
||